[Event "Paris Apsap op 75th"]
[Site "Paris"]
[Date "2004.09.04"]
[Round "6"]
[White "Briet, Guillaume"]
[Black "Housseau, Christophe"]
[Result "1-0"]
[WhiteElo "2143"]
[BlackElo "2043"]
[PlyCount "57"]
[EventDate "2004.09.??"]
[EventType "swiss"]
[EventRounds "9"]
[EventCountry "FRA"]
[SourceTitle "EXT 2006"]
[Source "ChessBase"]
[SourceDate "2005.11.24"]
[SourceVersion "1"]
[SourceVersionDate "2005.11.24"]
[SourceQuality "1"]

1. e4 c5 2. Nf3 Nc6 3. d4 cxd4 4. Nxd4 e5 5. Nb5 d6 6. Bc4 Be6 7. Bxe6 fxe6 8. 0-0 Be7 9. Qg4 Qd7 10. Qxg7 0-0-0 11. Qxh8 Bf6 12. Nxd6+ Kb8 13. Qxf6 Nxf6 14. Bg5 Rf8 15. Bxf6 Qxd6 16. Bg5 Nd4 17. Nc3 Nf3+ 18. gxf3 Rg8 19. Kh1 Rxg5 20. Rg1 h6 21. Rad1 Qf8 22. Rd3 a6 23. Rg3 Qc5 24. Kg2 b5 25. a3 Kc7 26. Nd5+ Kb7 27. Ne3 Qc6 28. c4 Kb6 29. Rc3 1-0

[Event "Paris Apsap op 74th"]
[Site "Paris"]
[Date "2004.08.11"]
[Round "4"]
[White "Sohier, Julien"]
[Black "Housseau, Christophe"]
[Result "0-1"]
[WhiteElo "2174"]
[BlackElo "2043"]
[PlyCount "42"]
[EventDate "2004.08.??"]
[EventType "swiss"]
[EventRounds "9"]
[EventCountry "FRA"]
[SourceTitle "EXT 2005"]
[Source "ChessBase"]
[SourceDate "2004.11.15"]
[SourceVersion "1"]
[SourceVersionDate "2004.11.15"]
[SourceQuality "1"]

1. e4 c5 2. Nf3 Nc6 3. d4 cxd4 4. Nxd4 e5 5. Nb5 d6 6. c4 Be7 7. N1c3 a6 8. Na3 Be6 9. Nc2 Rc8 10. Be3 Bg5 11. Qd2 Bxe3 12. Qxe3 Qa5 13. Qd2 Nf6 14. Be2 0-0 15. 0-0 Rfd8 16. Rfd1 b5 17. b4 Qb6 18. cxb5 axb5 19. Bxb5 Nd4 20. Bd3 Nxc2 21. Bxc2 Qc6 0-1

[Event "Le Mans op"]
[Site "Le Mans "]
[Date "2001.12.27"]
[Round "3"]
[White "Gaulin, Xavier"]
[Black "Housseau, Christophe"]
[Result "0-1"]
[WhiteElo "1770"]
[BlackElo "2047"]
[PlyCount "117"]
[EventDate "2001.12.26"]
[EventType "swiss"]
[EventRounds "9"]
[EventCountry "FRA"]
[SourceTitle "EXT 2008"]
[Source "ChessBase"]
[SourceDate "2007.11.25"]
[SourceVersion "1"]
[SourceVersionDate "2007.11.25"]
[SourceQuality "1"]

1. e4 c5 2. Nf3 Nc6 3. d4 cxd4 4. Nxd4 e5 5. Nb5 d6 6. N5c3 Be6 7. Nd2 Nf6 8. Be2 Be7 9. 0-0 a6 10. Nc4 b5 11. Nd2 b4 12. Na4 0-0 13. Bd3 Qc7 14. c3 a5 15. Qe2 d5 16. f3 Rfd8 17. Re1 Ne8 18. Kh1 f6 19. Nf1 Bf8 20. Be3 d4 21. cxd4 exd4 22. Bf2 Ne5 23. Bg3 Bd7 24. b3 Bxa4 25. bxa4 Bd6 26. Rec1 Qb6 27. Rc2 Rac8 28. Rac1 Rc3 29. Bxe5 Bxe5 30. Rxc3 bxc3 31. Rb1 Qd6 32. Qc2 Rb8 33. Rxb8 Qxb8 34. g3 g5 35. Kg2 Qb4 36. Qb3+ Qxb3 37. axb3 Kf7 38. Kf2 Ke7 39. Ke2 Kd6 40. Kd1 Kc5 41. Kc2 Nd6 42. g4 Kb4 43. Ba6 Ka3 44. Ng3 Bxg3 45. hxg3 Kb4 46. Bd3 Nb7 47. f4 Kc5 48. Bc4 Nd6 49. Bd5 h6 50. Ba8 Nc8 51. Bd5 Ne7 52. Ba8 Ng6 53. fxg5 hxg5 54. Bd5 Ne5 55. Be6 Kb4 56. Kd1 d3 57. Kc1 Nf3 58. Bc4 d2+ 59. Kd1 0-1

[Event "Le Mans op"]
[Site "Le Mans "]
[Date "2001.12.27"]
[Round "2"]
[White "Housseau, Christophe"]
[Black "Belkhodja, Slim"]
[Result "0-1"]
[WhiteElo "2047"]
[BlackElo "2489"]
[PlyCount "24"]
[EventDate "2001.12.26"]
[EventType "swiss"]
[EventRounds "9"]
[EventCountry "FRA"]
[SourceTitle "EXT 2008"]
[Source "ChessBase"]
[SourceDate "2007.11.25"]
[SourceVersion "1"]
[SourceVersionDate "2007.11.25"]
[SourceQuality "1"]

1. d4 g6 2. c4 Bg7 3. Nc3 d6 4. e4 c5 5. Be3 cxd4 6. Bxd4 Nf6 7. Be2 Nc6 8. Be3 0-0 9. h3 Nd7 10. Qd2 Nc5 11. Bf3 Be6 12. Nd5 Bxb2 0-1

[Event "Paris-ch op"]
[Site "Paris"]
[Date "1999.07.21"]
[Round "5"]
[White "Monange, Serge"]
[Black "Housseau, Christophe"]
[Result "1-0"]
[WhiteElo "2121"]
[BlackElo "2015"]
[PlyCount "53"]
[EventDate "1999.07.17"]
[EventType "swiss"]
[EventRounds "9"]
[EventCountry "FRA"]
[SourceTitle "EXT 2000"]
[Source "ChessBase"]
[SourceDate "1999.11.16"]
[SourceVersion "1"]
[SourceVersionDate "1999.11.16"]
[SourceQuality "1"]

1. Nc3 c5 2. e4 Nc6 3. f4 g6 4. Nf3 Bg7 5. a3 e6 6. d4 cxd4 7. Nb5 d6 8. Nfxd4 Nxd4 9. Nxd4 a6 10. c3 Ne7 11. Be3 0-0 12. Bd3 b6 13. 0-0 Bb7 14. Qd2 Nc6 15. Nxc6 Bxc6 16. f5 exf5 17. exf5 Be5 18. Bg5 Qd7 19. Rae1 Rfe8 20. Re3 f6 21. Rxe5 fxe5 22. fxg6 e4 23. Bc4+ d5 24. Rf7 Qe6 25. Bf6 e3 26. Rg7+ Kf8 27. gxh7 1-0